[Event "Vlissingen HZ op 22nd"]
[Site "Vlissingen"]
[Date "2018.08.04"]
[Round "1"]
[White "De Feijter, Niels"]
[Black "Lammens, Tim"]
[Result "0-1"]
[WhiteElo "1724"]
[BlackElo "2293"]
[PlyCount "92"]
[EventDate "2018.08.04"]
[EventType "swiss"]
[EventRounds "9"]
[EventCountry "NED"]
[SourceTitle "CBM 185 Extra"]
[Source "ChessBase"]
[SourceDate "2018.07.29"]
[SourceVersion "1"]
[SourceVersionDate "2018.07.29"]
[SourceQuality "1"]

1. c4 e5 2. Nc3 d6 3. g3 f5 4. Bg2 Nf6 5. d3 Be7 6. b4 0-0 7. Nh3 Qe8 8. Nd5 Nxd5 9. Bxd5+ Kh8 10. 0-0 e4 11. c5 c6 12. Bb3 Bf6 13. Rb1 d5 14. Nf4 Nd7 15. d4 g5 16. Ng2 Qh5 17. b5 Bg7 18. f4 h6 19. a4 Nf6 20. Ne3 Bd7 21. Ba2 Qh3 22. Rb4 Rae8 23. Rf2 Bc8 24. Qf1 Qh5 25. Bd2 Qg6 26. Kg2 gxf4 27. Rxf4 Nh5 28. Nd1 Nxf4+ 29. Bxf4 Bf6 30. e3 h5 31. Nc3 h4 32. Ne2 Qg4 33. Bb3 Rf7 34. Bd1 Rh7 35. Ng1 Qg6 36. Kf2 Rg8 37. Ne2 hxg3+ 38. hxg3 Bh4 39. Ke1 Bxg3+ 40. Bxg3 Qg5 41. Qg1 Qh5 42. bxc6 bxc6 43. Rb8 Qh1 44. Kf1 Qf3+ 45. Qf2 Rh1+ 46. Ng1 Ba6+ 0-1